| 000 -LEADER |
| fixed length control field |
00893nam a22002057a 4500 |
| 020 ## - INTERNATIONAL STANDARD BOOK NUMBER |
| ISBN |
9780367748357 |
| 082 ## - DEWEY DECIMAL CLASSIFICATION NUMBER |
| Classification number |
307.2095 |
| Item number |
R47 2022 |
| 245 ## - TITLE STATEMENT |
| Title |
Resettlement in asian countries : legislation, administration and struggles for rights / edited by Mohammad Zaman, PhD., Reshmy Nair and Shi Guoqing. |
| 250 ## - EDITION STATEMENT |
| Edition statement |
Second Edition. |
| 260 ## - PUBLICATION, DISTRIBUTION, ETC. (IMPRINT) |
| Place of publication |
New York : |
| Name of publisher |
Routledge, |
| Year of publication |
c2022. |
| 300 ## - PHYSICAL DESCRIPTION |
| Number of Pages |
1 online resource, xxiv, 294 pages : |
| Other physical details |
illustrations. |
| 490 ## - SERIES STATEMENT |
| Series statement |
Routledge studies in development, displacement and resettlement. |
| 500 ## - GENERAL NOTE |
| General note |
Includes bibliographical references and index. |
| 650 ## - SUBJECT ADDED ENTRY--TOPICAL TERM |
| Topical Term |
Forced migration -- Asia. |
| 650 ## - SUBJECT ADDED ENTRY--TOPICAL TERM |
| Topical Term |
Asians -- Relocation. |
| 650 ## - SUBJECT ADDED ENTRY--TOPICAL TERM |
| Topical Term |
Land settlement -- Law and legislation -- Asia. |
| 650 ## - SUBJECT ADDED ENTRY--TOPICAL TERM |
| Topical Term |
Real estate development -- Law and legislation -- Asia |
| 700 ## - ADDED ENTRY--PERSONAL NAME |
| Personal name |
Zaman, Mohammad, Nair, Reshmy and Shi, Guoqing, editors. |
| 942 ## - ADDED ENTRY ELEMENTS (KOHA) |
| Koha item type |
Electronic Books |